Dejepis denník z pátrania po minulosti Cvičebnica dejepisu pre 5. ročník základnej školy

Podrobná bibliografia
Hlavní autori: Daniš, Miroslav, 1960- (Autor), Kratochvíl, Viliam, 1954- (Autor)
Médium: Kniha
Jazyk:slovenčina
Fyzický popis:40 s. fotogr., ilustr. 29 cm
Vydavateľské údaje: Bratislava Orbis Pictus Istropolitana 2007
ISBN:9788071588085
Vydanie:[1. vyd.]
Predmet:

MARC

LEADER 00000nam a2200000 a 4500
001 vtls009163029
003 SK-MaSNL
005 20260301170556.0
008 240318s2007 xo oab c 000 0 slo
015 |a SNBA2008/06-02763 
020 |a 9788071588085  |q (brož.) 
035 |a A389BE59-241E-4812-BFED-3D8631C9D635 
035 |a urn:nbn:sk:snk-amkviw 
035 |a urn:nbn:sk:snk-am007azy 
040 |a SNK  |b slo  |c SNK  |e AACR2 
041 0 |a slo 
044 |a xo  |c SK 
072 7 |a 93/94  |x Dejiny (všeobecne)  |2 konspekt 
080 |a (075.2)  |2 2001 
080 |a (076.5)  |2 2001 
080 |a 93/94  |2 2001 
100 1 |a Daniš, Miroslav,  |d 1960-  |4 aut  |9 191806 
245 1 0 |a Dejepis  |b denník z pátrania po minulosti  |p Cvičebnica dejepisu pre 5. ročník základnej školy  |c [Miroslav Daniš, Viliam Kratochvíl] 
246 3 0 |a Cvičebnica dejepisu pre 5. ročník základnej školy 
250 |a [1. vyd.] 
260 |a Bratislava  |b Orbis Pictus Istropolitana  |c 2007 
300 |a 40 s.  |b fotogr., ilustr.  |c 29 cm 
650 0 7 |a dejepis  |2 SNKPH  |9 4288 
655 7 |a učebnice základných škôl  |2 SNKPH  |9 70187 
655 7 |a praktické cvičenia  |2 SNKPH  |9 70517 
700 1 |a Kratochvíl, Viliam,  |d 1954-  |4 aut  |9 88195 
919 |a 978-80-7158-808-5 
958 |a OND 
968 |d 37 
999 |c 828043  |d 829973 
952 |a SNK  |b SNK  |y PREZ  |7 0  |p 17A0571632  |o snkSB 75343  |i snk2007/26043  |8 0  |0 0  |1 0  |4 0  |d 2007-11-27  |f 1  |l 0  |r 2025-04-28 00:00:00  |w 2026-02-24 
952 |a SNK  |b SNK  |y VYP  |7 0  |p 17A0571631  |o snkSB 75343 D1  |i snk2007/26044  |8 0  |0 0  |1 0  |4 0  |d 2007-11-27  |l 0  |r 2016-06-30 00:00:00  |w 2026-02-24